| 000 | 01213nam a2200229 a 4500 | ||
|---|---|---|---|
| 001 | BRCA_9037 | ||
| 005 | 20190320210513.0 | ||
| 008 | 160817s1790----sp-#######---#000-0#spa-# | ||
| 041 | _aspa | ||
| 044 | _asp | ||
| 084 |
_aCO64 _b.F43 1790 |
||
| 100 | 1 |
_aFebrero, Josef _921692 |
|
| 245 | 1 | 0 |
_aLibrería de escribanos, é instrucción jurídica theorico de practica de principiantes _bparte segunda dividida en tres libros:trata de los cinco juicios de inventario, y participación de bienes de difunto, ordinario, executivo, y de concurso, y prelación de acreedores: obra utilísima para toda clase de personas: corregida, mejorada, y adicionada por _csu autor Don Josef Febrero; libro tercero; tomo segundo; comprehensivo de los juicios ordinario, y executivo, y de la forma de estender las diligencias que en ellos ocurren. |
| 260 |
_aMadrid _bEn la Oficina de la Viuda de Marin _c1790 |
||
| 300 |
_a446 p. (t.2) _c22 x 16.2 cm |
||
| 500 | _aCon las licencias necesarias | ||
| 500 | _aEstado físico: presentan encuadernación en pergamino con cintas | ||
| 650 | 1 | 4 |
_aDerecho _yObras anteriores a 1800 _922151 |
| 650 | 1 | 4 |
_aDerecho procesal _yObras anteriores a 1800 _921693 |
| 902 | _aCFM | ||
| 942 |
_2lcc _cB |
||
| 999 |
_c8687 _d8687 |
||